Word Ladder: Blush Flush Quiz Stats

 Plays Quiz Updated Jul 31, 2015

Challenge
Share
Tweet
Embed
Score 0/25 Timer 03:00
3 Plays Today
Hint 4-Letter Word % Correct
Roman numeral IV♥FOUR♥
99.7%
Measurement of length, equal to 12 inchesFOOT
98.1%
The number of Great Lakes♥FIVE♥
97.8%
An idiotFOOL
96.2%
Offensive to the senses, often smellFOUL
96.1%
Knox or LauderdaleFORT
96%
Golfer's warningFORE
95.3%
Circular metal band worn on a fingerRING
94.8%
No one; nothingNONE
94.5%
Direct broadcast on radio or TVLIVE
94.4%
The number of Muses♥NINE♥
94.3%
Ice hockey playing fieldRINK
93.9%
Gathering point at a campsiteFIRE
93.7%
Hint 4-Letter Word % Correct
A queue, to an AmericanLINE
93.1%
Male monarch♥KING♥
92.9%
Afflicted with ill health or diseaseSICK
92.8%
Igneous, sedimentary, or metamorphic objectROCK
92.3%
A large bagSACK
90.8%
To fall through waterSINK
90.6%
Trigonometric functionSINE
90.3%
Informal term for an athleteJOCK
90.2%
Humphrey Bogart's Casablanca club ownerRICK
89.3%
One of the points on a forkTINE
88.9%
Device for lifting heavy objects, like a car♥JACK♥
88.6%
Quality or character of soundTONE
88.3%

Today's Daily Dose

You're not logged in!

Compare scores with friends on all Sporcle quizzes.
Join for Free
OR
Log In

You Might Also Like...

Show Comments

Extras

Top Quizzes Today


Score Distribution

Your Account Isn't Verified!

In order to create a playlist on Sporcle, you need to verify the email address you used during registration. Go to your Sporcle Settings to finish the process.

Report this User

Report this user for behavior that violates our Community Guidelines.

Details: